LEADER 01259nam a2200277 i 4500 001 000000061756 003 CaOOAMICUS 005 20040716000000.0 008 980508s1983 it u000 u ita u 013 $a32928 040 $aSeMil$bita 100 1 $aTuroldo, David Maria,$c.$0(OLS)http://semarc/name/2700 245 10$aSul Monte la morte /$cDavid M. Turoldo ; rielaborazione drammaturgica di Roberto Carusi ; a cura del Centro di Studi Ecumenici Giovanni 23. 260 $aLiscate :$bCENS,$ccopyr. 1983. 300 $a95 p. ;$c19 cm. 490 0 $aQuaderni di ricerca ;$v10 500 $aIn prel. : Dedica aut. al Card. C.M. Martini di David M. Turoldo. - Fondo Card. C.M. Martini. 700 1 $aCentro di Studi Ecumenici Giovanni 23. .$0(OLS)http://semarc/name/3961 700 1 $aCarusi, Roberto.$0(OLS)http://semarc/name/31371 830 0$aQuaderni di ricerca ;$v10.$0(OLS)http://semarc/title/10452 850 $aSeMil 852 $aSeMil$W1$xVenegono$y1$m2D II 253$j27909$B27909$CSeMilBibl$Z2$F27912 $81 941 1 $a4 961 $aOmaggio: Martini Card. Carlo Maria 996 $6245$aSul Monte la morte$9(OLS)http://semarc/title/97112 996 $6260$aLiscate :$bCENS$9(OLS)http://semarc/publisher/40879 LEADER 01530nam a2200301 i 4500 001 000000214822 003 CaOOAMICUS 005 20120806000000.0 008 120806s2010 fr u000 u fre u 013 $a193694 020 $a978-2-7189-0999-8 040 $aSeMil$bita 100 1 $aBrown, David <1948- >.$0(OLS)http://semarc/name/76382 245 13$aLa tradition kénotique dans la théologie britannique /$cDavid Brown : traduit de l'anglais par Laurent David. 260 $aParis :$bMame-Desclée,$c2010. 300 $a267 p. ;$c23 cm. 490 0 $aJésus et Jésus-Christ ;$v97 650 4$aBibbia. Nuovo Testamento. Lettera ai Filippesi - Commentari, studi, critica, interpretazioni.$0(OLS)http://semarc/subject/6018 650 4$aChiesa d'Inghilterra - Incarnazione - Storia delle dottrine - Sec. 19.-20.$0(OLS)http://semarc/subject/40058 650 4$aTeologia dogmatica - Gran Bretagna - 1900-....$0(OLS)http://semarc/subject/12419 700 1 $aDavid, Laurent <1932- >.$0(OLS)http://semarc/name/76383 830 0$aJésus et Jésus-Christ ;$v97.$0(OLS)http://semarc/title/5741 850 $aSeMil 852 $aSeMil$W1$xVenegono$y1$m2N III 597$j165243$B165243$CSeMilBibl$Z2$F176239 $81 961 $aAbbonamento: La Procure (Libreria) 996 $6020$a978-2-7189-0999-8$9(OLS)http://semarc/number/211190 996 $6245$aLa tradition kénotique dans la théologie britannique$9(OLS)http://semarc/title/309486 996 $6260$aParis :$bMame-Desclée$9(OLS)http://semarc/publisher/37142